000 00985nas a2200265 4500
001 BR8301733
003 BR-BrBNA
005 20231205085520.0
007 ta
008 230509b bl.|||p| |||| 00| 00por d
040 _aBR-BrBNA
_bpor
_cBiblioteca Nacional de Agricultura
041 _a(Pt)
072 _aH20
100 1 _aRibeiro, A.S.
111 1 _a15. Congresso Brasileiro de Fitopatologia
_cSao Paulo, SP (Brazil)
_d5 Jul 1982
245 1 _aOcorrencia de escaldadura da folha em arroz irrigado, no Rio Grande do Sul [Oryza sativa, Rhynchosporium oryzae, Brasil]
246 1 _aLeaf scald occurrence on irrigated rice in Rio Grande do Sul [Oryza sativa, Rhynchosporium oryzae, Brazil]
650 _aARROZ IRRIGADO
650 _aESCALDADURA
650 _aFOLHA
650 _aRIO GRANDE DO SUL
773 0 _tFitopatologia Brasileira (Brazil)
_xISSN 0100-4158
_g(Feb 1983), v. 8(1) p. 195-199
_wBR8301733
909 _a202311
_bLúcia
_c55
_dLúcia Elande
942 _2AGRIS
_n0
_cANA
999 _c111921
_d111921